000 01447cam a2200361 i 4500
001 18656593
003 OSt
005 20260703094435.0
008 150612s2015 ilu 000 0 eng
010 _a 2015022996
020 _a9780830846122
_qpbk. : alk. paper
035 _a18656593
040 _aDLC
_beng
_cDLC
_erda
_dDLC
042 _apcc
050 0 0 _aBV4501.3
_b.B457 2015
082 0 0 _a248.4
_223
100 1 _aBenner, David G.
245 1 4 _aThe gift of being yourself :
_bthe sacred call to self-discovery /
_cDavid G. Benner ; foreword by M. Basil Pennington.
250 _aExpanded Edition
264 1 _aDowners Grove, Illinois :
_bIVP Books,
_c[2015]
300 _a127 pages ;
_c21 cm.
336 _atext
_btxt
_2rdacontent
337 _aunmediated
_bn
_2rdamedia
338 _avolume
_bnc
_2rdacarrier
490 0 _aThe spiritual journey
583 _aCataloguing:
_c20260703
_kgtanuigtanui
650 0 _aSpiritual life
_xChristianity.
650 0 _aSelf-realization
_xReligious aspects
_xChristianity.
776 0 8 _iOnline version:
_aBenner, David G.
_tGift of being yourself
_bExpanded Edition
_dDowners Grove : InterVarsity Press, 2015
_z9780830899456
_w(DLC) 2015023875
906 _a7
_bcbc
_corignew
_d1
_eecip
_f20
_gy-gencatlg
942 _2lcc
_cBK
999 _c21769
_d21768